000 00574nam a2200241Ia 4500
005 20250425162549.0
008 250425s9999 xx 000 0 und d
020 _a8432961043
041 _aspa
043 _asp
082 _a621.37
100 _aROLDÁN VILORIA, JOSÉ
245 0 _aMANUAL DE MEDIDAS ELECTRICAS
250 _a4A ED.
260 _aBARCELONA
260 _aEspaña
_bCEAC
_c1979
300 _a128
650 _aINGENIERIA ELECTRONICA
650 _aMEDICIONES DE POTENCIA
650 _aMEDICIONES ELECTRICAS
942 _c01
010 _a85774
999 _c231799
_d231799